| 000 | 00789 a2200217 4500 | ||
|---|---|---|---|
| 999 |
_c8205 _d8205 |
||
| 020 | _a9780071597623 (pbk.) | ||
| 020 | _a007159762X | ||
| 050 | 0 | 0 | _aPE1128 LAC 2015 |
| 100 | 1 |
_aLachance, Julie _eauthor |
|
| 245 | 1 | 0 |
_aBasic English / _cJulie Lachance. |
| 264 |
_aNew York : _bMc Graw hill., _c2015 |
||
| 300 |
_aix, 181 p. : _bill. ; |
||
| 440 | 0 | _aPractice makes perfect | |
| 500 | _alncludes index | ||
| 650 | 0 | _aEnglish language | |
| 650 | 0 | _aEnglish language | |
| 856 | 4 | 2 |
_3Contributor biographical information _uhttp://www.loc.gov/catdir/enhancements/fy1011/2007941309-b.html |
| 856 | 4 | 2 |
_3Publisher description _uhttp://www.loc.gov/catdir/enhancements/fy1011/2007941309-d.html |
| 942 |
_2lcc _cBK _h1128 _iLAC _kPE |
||